Design-build manual of practice.

Bibliographic Details
Format: Book
Language:English
Published: Washington, D.C. : Design-Build Institute of America, [2005]
Edition:3rd ed., updated 2005.
Subjects:

MARC

Tag First Indicator Second Indicator Subfields
LEADER 00000cam a22000004a 4500
001 in00002330621
005 20151108050446.0
008 060316s2005 dcua b 000 0 eng d
020 |a 0971933502 
020 |a 9780971933507 
035 |a (OCoLC)ocm64701302 
035 |a (OCoLC)64701302 
040 |a UDP  |c UDP  |d TXA  |d UtOrBLW 
049 |a TXAM 
090 |a TH145  |b .D47 2005 
245 0 0 |a Design-build manual of practice. 
250 |a 3rd ed., updated 2005. 
264 1 |a Washington, D.C. :  |b Design-Build Institute of America,  |c [2005] 
300 |a 2 volumes (loose-leaf) :  |b illustrations ;  |c 30 cm. 
336 |a text  |b txt  |2 rdacontent 
337 |a unmediated  |b n  |2 rdamedia 
338 |a volume  |b nc  |2 rdacarrier 
500 |a Cover title. 
500 |a Looseleaf for updating. 
504 |a Includes bibliographical references. 
505 0 |a v. 1: Series 100 through Series 400 -- v. 2: Series 500. 
650 0 |a Building. 
650 0 |a Architecture. 
650 0 |a Construction industry. 
650 0 |a Construction contracts  |z United States. 
650 0 |a Architectural contracts  |z United States. 
994 |a C0  |b TXA 
948 |a cataloged  |b h  |c 2007/10/30  |d c  |e jlanham  |f 11:57:21 am 
999 |a MARS 
999 f f |s e0b0413b-2747-3b71-aa88-6471cc16ab34  |i f8da970b-d5a5-3224-a54f-b5b8bd7adbd5  |t 0 
952 f f |p normal  |a Texas A&M University  |b College Station  |c Sterling C. Evans Library  |d Evans: Library Stacks  |t 0  |e TH145 .D47 2005  |h Library of Congress classification  |i unmediated -- volume  |k v.1  |m A14850228892 
952 f f |p normal  |a Texas A&M University  |b College Station  |c Sterling C. Evans Library  |d Evans: Library Stacks  |t 0  |e TH145 .D47 2005  |h Library of Congress classification  |i unmediated -- volume  |k v.2  |m A14850228918 
998 f f |a TH145 .D47 2005  |s v.1-2  |t 0  |l Evans: Library Stacks